00937nam a2200229 a 450000100100000000500170001000800410002702000150006804000250008308200190010810000450012724500470017226000450021930000210026450000700028565000360035565000390039104900090043095201230043995201280056299900170069000001918920210505111054.0100528s2006 pr 000 p spa d a9993432065 aDO-SdBNPbspacBNPHU aPR861.5bM971v1 aMuñoz Miranda, Gerardo,d1966 -92549410aVersos del alma / Gerardo Muños Miranda. aPuerto Rico :bPublisa Editorial,c2006. a102 p. ;c22 cm. aIncluye datos biográficos del autor en la solapa de la portada. 4aPoesía puertorriqueña91015 0aLiteratura puertorriqueña941299 aBNGR 001054708MOaGRbGRcCTd2010-05-28iLF1l0oPR861.5 M971vp19189-10r2020-06-25w2020-06-25y4ZPréstamo en sala 001054728MOaGRbGRcCTd2010-12-07iLF1l0oPR861.5 M971vp19189-20r2020-06-25te.2w2020-06-25y4ZPréstamo en sala c18707d18707